Welke plaatsen - Sudden Death - liggen in de provincie Drente - Statistieken

Algemene statistieken
  • Deze quiz is 48 keer genomen
    12 sinds de laatste reset
  • De gemiddelde score is 16 van 23
Answers on the Grid
Answers color-coded by a green-red scale on the quiz's grid according to % correct below.
Hoogeveen
Steenwijk
Emmen
Klazienaveen
Eelde
Gieten
Ter Apel
Coevorden
Beilen
Nieuw Buinen
Dokkum
Smilde
Norg
Westerbork
Emmer-Compascuum
Grolloo
Kruiningen
Roden
Zuidwolde
Borger
Meppel
Assen
Zuidhorn
Dwingeloo
Schoonebeek
Diever
Renesse
Rolde
Schagen
Zuid Laren
 
Antwoordstatistieken
Antwoord % Correct
Emmen
100%
Hoogeveen
100%
Assen
89%
Meppel
89%
Borger
78%
Dwingeloo
78%
Grolloo
78%
Beilen
67%
Coevorden
67%
Eelde
67%
Emmer-Compascuum
67%
Gieten
67%
Klazienaveen
67%
Westerbork
67%
Zuid Laren
67%
Diever
56%
Nieuw Buinen
56%
Norg
56%
Roden
56%
Rolde
56%
Smilde
56%
Schoonebeek
44%
Zuidwolde
44%
Geen overeenkomende quizzen gevonden
Scoreverdeling
Procent van Mensen met Elke Score
Percentiel versus Aantal Correcte Antwoorden
Uw Scoregeschiedenis
U heeft deze quiz nog niet genomen sinds de laatste reset